[Event "AUTO-OPEN-2097"]
[Site "http://www.queenalice.com/game.php?id=830624"]
[Date "2010.9.9"]
[Round "1"]
[White "Uragano"]
[Black "CCapivara"]
[Result "1/2-1/2"]
[WhiteElo "1969"]
[BlackElo "2160"]

1. e4 c6 2. d3 d6 3. Nf3 Nf6 4. g3 e5 5. Bg2 Be7 6. O-O O-O 7. Nbd2 Bg4 8. Nc4
Nbd7 9. Ne3 h5 10. Nxg4 Nxg4 11. b3 f5 12. exf5 Rxf5 13. h3 Nh6 14. Bxh6 gxh6
15. h4 Qb6 16. Bh3 Rxf3 17. Qxf3 Nf6 18. Qe3 Qxe3 19. fxe3 Ng4 20. Bxg4 hxg4 21.
Rf5 Rf8 22. Rxf8+ Bxf8 23. Rf1 Kg7 24. e4 Be7 25. Rf5 Kg6 26. Kf2 Kg7 27. Ke3 c5
28. c3 Bf6 29. b4 b6 30. Rf1 Kg6 31. bxc5 dxc5 32. a4 Kg7 33. Rb1 Kg6 34. a5 Bd8
35. axb6 Bxb6 36. Rf1 Kg7 37. Kd2 Kg6 38. Kc2 Bd8 39. Kb3 Kh5 40. Kc4 Bxh4 41.
gxh4 Kxh4 42. Rh1+ Kg5 43. Kxc5 h5 44. Kd5 g3 45. c4 h4 46. c5 g2 47. Rg1 h3 48.
c6 Kf4 49. c7 h2 50. Rxg2 h1=Q 51. Rg8 Qb1 52. c8=Q Qxd3+ 53. Kc6 Qxe4+ 54. Kc7
Qc4+ 55. Kb8 Qxc8+ 56. Rxc8 e4 57. Rf8+ Kg3 58. Kxa7 e3 59. Re8 1/2-1/2

[Event "AUTO-OPEN-2097"]
[Site "http://www.queenalice.com/game.php?id=830625"]
[Date "2010.9.9"]
[Round "1"]
[White "CCapivara"]
[Black "Uragano"]
[Result "1-0"]
[WhiteElo "2196"]
[BlackElo "1977"]

1. e4 e5 2. f4 exf4 3. Nf3 d6 4. Bc4 Bg4 5. O-O Bxf3 6. Qxf3 Nf6 7. Qxf4 Be7 8.
d3 O-O 9. Nc3 Nc6 10. a3 Nd4 11. Rf2 Nc6 12. Be3 Ne5 13. Raf1 Nxc4 14. dxc4 Qd7
15. h3 a6 16. g4 Qe6 17. b3 Qe5 18. Qxe5 dxe5 19. g5 Nd7 20. Nd5 Bc5 21. Bxc5
Nxc5 22. Nxc7 Rad8 23. Nd5 Nxe4 24. Rg2 Rd7 25. h4 Re8 26. Re1 Nd6 27. a4 Nf5
28. Rg4 Nd6 29. Rd1 Kf8 30. h5 Nf5 31. Kf2 Ne7 32. Re4 Nxd5 33. Rxd5 Rxd5 34.
cxd5 f6 35. gxf6 gxf6 36. Rb4 Re7 37. Kf3 Kf7 38. Ke4 Rd7 39. c4 Ke7 40. Kf5 Kf7
41. Rb6 1-0

[Event "AUTO-OPEN-2097"]
[Site "http://www.queenalice.com/game.php?id=830626"]
[Date "2010.9.9"]
[Round "1"]
[White "Uragano"]
[Black "castel1341"]
[Result "1-0"]
[WhiteElo "1945"]
[BlackElo "1992"]

1. e4 e6 2. d3 d5 3. Nd2 Nf6 4. Ngf3 Be7 5. e5 Nfd7 6. d4 c5 7. c3 Nc6 8. g3 O-O
9. Bg2 f5 10. O-O Qb6 11. Nb3 cxd4 12. cxd4 a5 13. Qd3 a4 14. Nbd2 Nb4 15. Qc3
Nb8 16. a3 N4c6 17. b4 axb3 18. Nxb3 Na5 19. Nxa5 Rxa5 20. Bd2 Ra4 21. Rfb1 Qa7
22. Rb3 Nc6 23. Qd3 Nxd4 24. Nxd4 Qxd4 25. Qxd4 Rxd4 26. Be3 Ra4 27. h4 f4 28.
Bxf4 Bc5 29. Bh3 b6 30. Kg2 Raxf4 31. gxf4 Rxf4 32. f3 Rxh4 33. a4 Rc4 34. a5
Rc2+ 35. Kf1 bxa5 36. Rxa5 Kf7 37. Rb1 Bd4 38. Rab5 Ba6 39. Ke1 Bxb5 40. Rxb5
Bxe5 41. Rb6 Bc3+ 42. Kf1 Rf2+ 43. Kg1 Re2 44. Kf1 Re3 45. Bg4 Re1+ 46. Kg2 Rg1+
47. Kh2 Rxg4 48. fxg4 Kf6 49. Kg3 Bd2 50. Rb1 e5 51. Rd1 Bf4+ 52. Kh3 d4 53. Kh4
h6 54. Rb1 Bg5+ 55. Kg3 e4 56. Rb5 d3 57. Rc5 d2 58. Rd5 Ke6 59. Rd4 1-0

[Event "AUTO-OPEN-2097"]
[Site "http://www.queenalice.com/game.php?id=830627"]
[Date "2010.9.9"]
[Round "1"]
[White "castel1341"]
[Black "Uragano"]
[Result "1-0"]
[WhiteElo "2019"]
[BlackElo "1970"]

1. e4 e5 2. Bc4 Nf6 3. d3 Be7 4. Nf3 d6 5. h3 Nc6 6. c3 h6 7. O-O O-O 8. Re1 Na5
9. Bb5 Bd7 10. Bxd7 Qxd7 11. Nbd2 Nc6 12. d4 Rad8 13. Nf1 Nb8 14. Ng3 exd4 15.
cxd4 Rfe8 16. Qb3 b6 17. Be3 Bf8 18. e5 dxe5 19. dxe5 Nh7 20. Rad1 Qc8 21. Qc4
Rxd1 22. Rxd1 Rd8 23. Rxd8 Qxd8 24. e6 fxe6 25. Qxe6+ Kh8 26. Ne5 Qe7 27. Ng6#
1-0

[Event "5^ European Cup"]
[Site "http://www.queenalice.com/game.php?id=976230"]
[Date "2011.8.24"]
[Round "3"]
[White "Uragano"]
[Black "coyote78"]
[Result "1-0"]
[WhiteElo "1963"]
[BlackElo "1998"]

1. e4 e6 2. d3 Bb4+ 3. Bd2 Qe7 4. Nf3 Nf6 5. g3 Nc6 6. Bg2 d5 7. e5 Ng4 8. O-O
Ngxe5 9. Nc3 Nxf3+ 10. Bxf3 Qd6 11. Re1 O-O 12. Bg2 a6 13. a3 1-0

[Event "Challenge"]
[Site "http://www.queenalice.com/game.php?id=1126548"]
[Date "2012.11.28"]
[Round "-"]
[White "Uragano"]
[Black "SAMOEL"]
[Result "1-0"]
[WhiteElo "1973"]
[BlackElo "1904"]

1. e4 e5 2. Nf3 d6 3. Bc4 Nf6 4. d3 h6 5. O-O Be7 6. Nc3 O-O 7. b3 c6 8. d4 b5
9. Bd3 Ba6 10. Re1 b4 11. Na4 Bxd3 12. Qxd3 c5 13. dxe5 dxe5 14. Qxd8 Rxd8 15.
Nxe5 Na6 16. f3 Nc7 17. Be3 Ne6 18. Nc6 Re8 19. Nxe7+ Rxe7 20. Nxc5 Rc8 21. Nxe6
Rxe6 22. Bxa7 Rxc2 23. a4 Rb2 24. Reb1 Rc2 25. a5 Ra6 26. Bb6 Nd7 27. Bf2 Ne5
28. Rc1 Rb2 29. Bd4 Nxf3+ 30. gxf3 Rxb3 31. Bb6 Rxf3 32. Rc7 b3 33. Ra7 Rxa7 34.
Bxa7 Rc3 35. Kg2 Rc2+ 36. Bf2 b2 37. Rb1 Kf8 38. a6 Ke7 39. a7 Rc8 40. Rxb2 Ra8
41. Rb8 Rxa7 42. Bxa7 Ke6 43. Rb5 g6 44. Kf3 Kf6 45. Be3 g5 46. Kg4 Kg6 47. Rb6+
f6 48. e5 Kf7 49. exf6 Kf8 50. Kh5 Kf7 51. Kxh6 g4 52. Kh7 Kf8 53. Rb7 g3 54.
Bh6+ Ke8 55. f7+ Kd8 56. f8=R# 1-0

[Event "Challenge"]
[Site "http://www.queenalice.com/game.php?id=1126549"]
[Date "2012.11.28"]
[Round "-"]
[White "tony40"]
[Black "Uragano"]
[Result "1-0"]
[WhiteElo "1940"]
[BlackElo "1991"]

1. d4 e6 2. e4 d5 3. exd5 exd5 4. Nf3 Bg4 5. Bb5+ c6 6. Bd3 Nf6 7. O-O Be7 8.
Bf4 O-O 9. Nbd2 Nbd7 10. h3 Bh5 11. c3 Re8 12. Qb3 Nb6 13. Rae1 Bxf3 14. Nxf3 h6
15. a4 a5 16. Be5 Bd6 17. Bxd6 Qxd6 18. Qxb6 Qd7 19. Re5 Re7 20. Rfe1 Rxe5 21.
Rxe5 Ne8 22. Bf5 Qd8 23. Qxb7 Rb8 24. Qxc6 Nf6 25. Re2 g6 26. Bd3 Rb6 27. Qc5
Nd7 28. Qxd5 Rb8 29. Bc4 Kh8 30. Qxf7 Nb6 31. Re7 Qg8 32. Qf6+ 1-0

[Event "Challenge"]
[Site "http://www.queenalice.com/game.php?id=1126550"]
[Date "2012.11.28"]
[Round "-"]
[White "Enrico"]
[Black "Uragano"]
[Result "0-1"]
[WhiteElo "1854"]
[BlackElo "1980"]

1. e4 e5 2. Nf3 Nc6 3. Nc3 Nf6 4. Bb5 a6 5. Bxc6 bxc6 6. a3 d6 7. d3 Bg4 8. h3
Bh5 9. Be3 Be7 10. g4 Bg6 11. Qd2 Rb8 12. O-O-O O-O 13. Rhg1 Nd7 14. Nh4 Bxh4
15. f4 exf4 16. Bxf4 Qc8 17. b3 Qb7 18. Rdf1 Nc5 19. Kd1 Rfe8 20. Rg2 Ne6 21. g5
Bh5+ 22. Ne2 Qb5 23. Kc1 f6 24. gxf6 Bxf6 25. Ng3 Nxf4 26. Rxf4 Bg5 27. Rf8+
Rxf8 0-1

[Event "Let's Play Chess!"]
[Site "http://www.queenalice.com/game.php?id=1147849"]
[Date "2013.2.2"]
[Round "-"]
[White "Uragano"]
[Black "bobifixer"]
[Result "1-0"]
[WhiteElo "1986"]
[BlackElo "1974"]

1. e4 c6 2. d4 d5 3. Nc3 dxe4 4. Nxe4 Bf5 5. Ng3 Bg6 6. Nf3 e6 7. Ne5 Nf6 8. Bg5
Be7 9. Nxg6 hxg6 10. Bc4 Nbd7 11. Qd2 Qb6 12. Bb3 O-O-O 13. O-O-O Qb5 14. h3 1-0

[Event "Let's Play Chess! 2"]
[Site "http://www.queenalice.com/game.php?id=1171084"]
[Date "2013.4.13"]
[Round "-"]
[White "Uragano"]
[Black "Adrianovlg"]
[Result "0-1"]
[WhiteElo "2002"]
[BlackElo "2130"]

1. e4 c5 2. Nf3 d6 3. d4 cxd4 4. Nxd4 Nf6 5. Nc3 g6 6. Bb5+ Bd7 7. Bxd7+ Nbxd7
8. O-O Bg7 9. Bg5 O-O 10. Qd2 Rc8 11. Rad1 Ne5 12. b3 Re8 13. f4 Nc6 14. Nxc6
Rxc6 15. Nd5 Nxe4 16. Nxe7+ Rxe7 17. Bxe7 Qxe7 18. Qe2 f5 19. c4 Qc7 20. Rd3 a5
21. g4 b5 22. cxb5 Rc2 23. Qe3 Rxa2 24. gxf5 Qc2 25. Qh3 Qc5+ 26. Kh1 Nf2+ 27.
Rxf2 Qxf2 28. Rd1 gxf5 29. Rc1 Ra1 30. Rxa1 Bxa1 31. Qg3+ Qxg3 32. hxg3 Bd4 33.
Kg2 Kf7 34. Kf3 Kf6 35. g4 fxg4+ 36. Kxg4 h5+ 0-1

[Event "Let's Play Chess!"]
[Site "http://www.queenalice.com/game.php?id=1185514"]
[Date "2013.6.20"]
[Round "-"]
[White "leduar"]
[Black "Uragano"]
[Result "0-1"]
[WhiteElo "2068"]
[BlackElo "1991"]

1. e4 e5 2. Nf3 d6 3. Bc4 Bg4 4. Nc3 Nf6 5. h3 Bh5 6. g4 Bg6 7. d3 Be7 8. g5
Nfd7 9. h4 h6 10. Nd5 c6 11. Nxe7 Qxe7 12. h5 Bh7 13. gxh6 gxh6 14. Bxh6 Bxe4
15. dxe4 Rxh6 16. Nh4 Qg5 17. Nf5 Qg2 18. Bxf7+ Kd8 19. Nxh6 Qxh1+ 20. Kd2 Qxe4
21. Qe2 Qd4+ 22. Ke1 Qxb2 23. Rd1 Qb4+ 24. Kf1 Qh4 25. Qd3 Qf6 26. Bg6 d5 27.
Qb3 Nc5 28. Nf7+ Kc7 29. Qc3 Nbd7 30. f3 Rf8 31. Ke2 Ne6 32. Qa5+ Kb8 33. Rb1
Nf4+ 34. Kd2 Nxg6 35. hxg6 Qxg6 36. Qb4 b6 37. Nxe5 Qh6+ 38. Kc3 Nxe5 39. Re1
Rxf3+ 40. Kb2 Nc4+ 41. Kb1 Na3+ 42. Kb2 Qf6+ 43. c3 Nc4+ 44. Kb3 c5 45. Re8+ Kc7
46. Re7+ Qxe7 47. Qa4 Na5+ 48. Ka3 c4+ 49. Qb4 Qxb4+ 50. Kxb4 Kc6 51. a3 a6 52.
Ka4 Rxc3 53. Kb4 d4 54. a4 Rb3# 0-1

[Event "Let's Play Chess!"]
[Site "http://www.queenalice.com/game.php?id=1326971"]
[Date "2014.12.9"]
[Round "-"]
[White "Uragano"]
[Black "Delbo"]
[Result "0-1"]
[WhiteElo "2030"]
[BlackElo "2173"]

1. e4 e5 2. Nf3 Nc6 3. Bb5 a6 4. Ba4 d6 5. d4 b5 6. Bb3 Nxd4 7. Nxd4 exd4 8. Bd5
Rb8 9. Bc6+ Bd7 10. Bxd7+ Qxd7 11. Qxd4 Nf6 12. O-O Be7 13. Re1 O-O 14. Nc3 Rfe8
15. a3 Bd8 16. Bg5 c6 17. Rac1 Bb6 18. Qd3 Ng4 19. Re2 Ne5 20. Qg3 Re6 21. Qh3
h6 22. Bf4 Nc4 23. b3 Nxa3 24. Ra1 b4 25. Na4 Ba7 26. Qd3 Nb5 27. Bd2 Bd4 28.
Rae1 c5 29. Be3 Bxe3 30. Rxe3 Nd4 31. Nb2 Rbe8 32. Nc4 d5 33. exd5 Qxd5 34. h3
Rxe3 35. Rxe3 Re6 36. Kf1 g6 37. Nd2 Kg7 38. c4 Qg5 39. Rxe6 Nxe6 40. g3 Nd4 41.
Qe4 Qxd2 0-1

[Event "game"]
[Site "http://www.queenalice.com/game.php?id=1327144"]
[Date "2014.12.10"]
[Round "-"]
[White "dnptrs"]
[Black "Uragano"]
[Result "0-1"]
[WhiteElo "2111"]
[BlackElo "2010"]

1. d4 d5 2. Nf3 c6 3. g3 Nf6 4. Bg2 e6 5. O-O Be7 6. b3 O-O 7. Bb2 Nbd7 8. Nbd2
b6 9. Re1 Bb7 10. c4 dxc4 11. Nxc4 c5 12. Nce5 Nxe5 13. dxe5 Nd5 14. a3 b5 15.
Qc2 Qc7 16. h4 Rfc8 17. Ng5 Bxg5 18. hxg5 Nb6 19. f3 c4 20. b4 c3 21. Bc1 Qxe5
22. Bf4 Qd4+ 23. Kh2 Nd5 24. Rad1 Qc4 25. e4 Nxf4 26. gxf4 a5 27. Bf1 Qc7 28.
Kg3 axb4 29. axb4 e5 30. fxe5 Qe7 31. f4 Qxb4 32. Rb1 Qa4 33. Qxa4 Rxa4 34. Bd3
c2 35. Rxb5 Ra3 0-1

[Event "Chess"]
[Site "http://www.queenalice.com/game.php?id=1331079"]
[Date "2014.12.28"]
[Round "-"]
[White "Uragano"]
[Black "Zugswang"]
[Result "1-0"]
[WhiteElo "2037"]
[BlackElo "2114"]

1. e4 Nf6 2. e5 Nd5 3. d4 d6 4. Nf3 g6 5. exd6 cxd6 6. c4 Nf6 7. Nc3 Bg7 8. Be2
O-O 9. O-O Nc6 10. d5 Nb8 11. Be3 Ng4 12. Nd4 Nxe3 13. fxe3 e5 14. dxe6 fxe6 15.
Rxf8+ Qxf8 16. Ncb5 Qe7 17. Nf3 Bf8 18. Qd2 a6 19. Nc3 Nc6 20. Rd1 b6 21. Ne4
Bb7 22. Qxd6 Rd8 23. Qxe7 Bxe7 24. Rxd8+ Bxd8 25. Nfg5 e5 26. c5 bxc5 27. Bc4+
Kf8 28. Ne6+ Ke7 29. N4xc5 Bc8 30. Nxd8 Kxd8 31. Bxa6 Nb4 32. Bxc8 Kxc8 33. a3
Nd5 34. Kf2 Kc7 35. Kf3 Kc6 36. Nd3 Kd6 37. e4 Nf6 38. b4 g5 39. a4 g4+ 40. Ke3
Nd7 41. Nc5 Nxc5 42. bxc5+ Kxc5 43. Kf2 Kb4 44. Kg3 h5 45. Kh4 Kxa4 46. Kxh5 Kb4
47. Kxg4 Kc4 48. Kf5 Kd4 49. g4 Ke3 50. h4 Kd4 51. h5 1-0

[Event "Let's Play Chess!"]
[Site "http://www.queenalice.com/game.php?id=1331080"]
[Date "2014.12.28"]
[Round "-"]
[White "Zugswang"]
[Black "Uragano"]
[Result "0-1"]
[WhiteElo "2043"]
[BlackElo "2020"]

1. e4 d5 2. exd5 Qxd5 3. Nc3 Qa5 4. d4 c6 5. Bc4 e6 6. Bd2 Qb6 7. Nf3 Nf6 8. Na4
Qc7 9. Nc5 b6 10. Nd3 Bd6 11. O-O O-O 12. Nde5 Bb7 13. Re1 Nbd7 14. h3 c5 15.
Nxd7 Nxd7 16. d5 exd5 17. Be2 Rfe8 18. c3 Nf6 19. Bd3 Rxe1+ 20. Bxe1 Re8 21. Qc2
Qd7 22. Bd2 Ne4 23. Be3 f5 24. Bxe4 dxe4 25. Ng5 h6 26. Qb3+ Kf8 27. Nh7+ Ke7
28. Kh1 f4 29. Bd2 e3 30. fxe3 Qxh3+ 0-1

[Event "Itália x Brasil"]
[Site "http://www.queenalice.com/game.php?id=1422584"]
[Date "2016.5.11"]
[Round "-"]
[White "Strogonoff"]
[Black "Uragano"]
[Result "0-1"]
[WhiteElo "2030"]
[BlackElo "2056"]

1. e4 c5 2. Nf3 d6 3. g3 Nc6 4. Bg2 g6 5. d4 cxd4 6. Nxd4 Bg7 7. Be3 Nf6 8. O-O
O-O 9. Nxc6 bxc6 10. Nc3 Ng4 11. Bd2 Ne5 12. b3 Bg4 13. f3 Qb6+ 14. Kh1 Bc8 15.
Na4 Qc7 16. c4 c5 17. Bc3 Nc6 18. Bxg7 Kxg7 19. Nc3 Nd4 20. Nd5 Qd7 21. Qd2 Bb7
22. Rad1 Bxd5 23. exd5 Rfb8 24. Rfe1 a5 25. Re4 Qd8 26. Rde1 Rb7 27. Rh4 h5 28.
g4 e5 29. Rh3 a4 30. gxh5 Qa5 31. Qd1 axb3 32. axb3 g5 33. Rg1 Kh8 34. Bf1 Rxb3
35. Rxg5 Qa1 36. Qxa1 Rxa1 37. Rg1 Nxf3 38. Rxf3 Rxf3 39. Kg2 Rfxf1 40. Rxf1
Rxf1 41. Kxf1 Kh7 0-1

[Event "NO ENGINE"]
[Site "http://www.queenalice.com/game.php?id=1552463"]
[Date "2018.12.10"]
[Round "2"]
[White "Uragano"]
[Black "victorbush2"]
[Result "1/2-1/2"]
[WhiteElo "2083"]
[BlackElo "1940"]

1. d4 d5 2. c4 e6 3. Nf3 Nf6 4. Nc3 Be7 5. e3 O-O 6. Bd3 Nc6 7. O-O b6 8. a3 Re8
9. b4 dxc4 10. Bxc4 Bb7 11. Bb2 h6 12. Rc1 a6 13. Bd3 Bd6 14. Ne4 Nxe4 15. Bxe4
Qd7 16. Ne5 Bxe5 17. dxe5 Qxd1 18. Rfxd1 Rad8 19. Bxc6 Rxd1+ 20. Rxd1 Bxc6 21.
h3 Rc8 22. Bd4 Kf8 23. Rc1 Bb7 24. f3 Ke7 25. Kf2 b5 26. g4 Bd5 27. e4 Bc4 28.
Bc5+ Ke8 29. Rd1 Ra8 30. Kg3 Rc8 31. f4 f6 32. exf6 gxf6 33. h4 f5 34. exf5 exf5
35. g5 Kf7 36. Re1 Kg6 37. Re7 hxg5 38. hxg5 Bd5 39. Rd7 Be6 40. Re7 Bd5 41. Rd7
Be6 42. Re7 1/2-1/2

[Event "NO ENGINE"]
[Site "http://www.queenalice.com/game.php?id=1578758"]
[Date "2019.7.28"]
[Round "3"]
[White "Uragano"]
[Black "REUSKING"]
[Result "1/2-1/2"]
[WhiteElo "2077"]
[BlackElo "2079"]

1. d4 d5 2. c4 e6 3. Nf3 Nf6 4. Nc3 c6 5. Bg5 Be7 6. e3 O-O 7. Bd3 Nbd7 8. O-O
dxc4 9. Bxc4 Nd5 10. Bxe7 Qxe7 11. Nxd5 exd5 12. Bd3 Nf6 13. Qc2 h6 14. Rac1 Ne4
15. Bxe4 Qxe4 16. Qxe4 dxe4 17. Ne5 Be6 18. b3 f6 19. Ng6 Rfe8 20. Nf4 g5 21.
Nxe6 1/2-1/2

[Event "Challenge no engine"]
[Site "http://www.queenalice.com/game.php?id=1582337"]
[Date "2019.9.2"]
[Round "-"]
[White "Uragano"]
[Black "victorbush2"]
[Result "0-1"]
[WhiteElo "2077"]
[BlackElo "1976"]

1. d4 d5 2. c4 e6 3. Nf3 Nf6 4. Bg5 Be7 5. e3 O-O 6. Nc3 c5 7. Bd3 h6 8. Bxf6
Bxf6 9. dxc5 dxc4 10. Bxc4 Bxc3+ 11. bxc3 Qa5 12. Qc2 Qxc5 13. Bb3 Rd8 14. O-O
b6 15. Rad1 Nc6 16. Rxd8+ Nxd8 17. Rd1 Bb7 18. Ne1 Nc6 19. Rd3 Ne5 20. Rd4 Rc8
21. c4 Ng6 22. g3 Qc6 23. f3 Ne5 24. e4 Ba6 25. c5 bxc5 26. Rd2 Qb5 27. Rf2 Qb4
28. Qd2 Qxd2 29. Rxd2 c4 30. Bc2 Kf8 31. Kf2 Ke7 32. Ke3 c3 33. Rd1 Nc4+ 34. Ke2
Nb2+ 0-1

[Event "NO ENGINE"]
[Site "http://www.queenalice.com/game.php?id=1601926"]
[Date "2020.3.7"]
[Round "4"]
[White "tariann"]
[Black "Uragano"]
[Result "1-0"]
[WhiteElo "2277"]
[BlackElo "2057"]

1. e4 e5 2. Nf3 Nc6 3. Bb5 a6 4. Bxc6 dxc6 5. O-O Qd6 6. Re1 Bg4 7. c3 c5 8. d4
cxd4 9. cxd4 exd4 10. Qxd4 Qxd4 11. Nxd4 Bc5 12. Be3 Bxd4 13. Bxd4 Nf6 14. Bxf6
gxf6 15. Nc3 O-O 16. Nd5 Kg7 17. Nxc7 Rac8 18. Rac1 Rfd8 19. Nd5 Be6 20. Rxc8
Rxc8 21. Nc3 b5 22. a3 h6 23. f4 Rd8 24. Kf2 Bc4 25. Rd1 Rxd1 26. Nxd1 Kg6 27.
Ne3 Bb3 28. Nd5 f5 29. Ne7+ 1-0